Town and country planning in the UK (Record no. 105474)
[ view plain ]
| 000 -LEADER | |
|---|---|
| fixed length control field | 02215cad a22003255a 4500 |
| 001 - CONTROL NUMBER | |
| control field | E133782 |
| 008 - FIXED-LENGTH DATA ELEMENTS--GENERAL INFORMATION | |
| fixed length control field | 010821s2006 xxk df 001 0 eng u |
| 020 ## - INTERNATIONAL STANDARD BOOK NUMBER | |
| International Standard Book Number | 0415358108 |
| -- | 9780203004258 |
| 035 ## - SYSTEM CONTROL NUMBER | |
| System control number | (Sirsi) u133782 |
| 041 ## - LANGUAGE CODE | |
| Language code of text/sound track or separate title | eng |
| 050 ## - LIBRARY OF CONGRESS CALL NUMBER | |
| Classification number | 711.4 $2 18 |
| 100 ## - MAIN ENTRY--PERSONAL NAME | |
| Personal name | Cullingworth, Barry |
| 245 ## - TITLE STATEMENT | |
| Title | Town and country planning in the UK |
| Medium | [electronic resource] |
| 250 ## - EDITION STATEMENT | |
| Edition statement | 14th ed. |
| 260 ## - PUBLICATION, DISTRIBUTION, ETC. | |
| Place of publication, distribution, etc. | London |
| Name of publisher, distributor, etc. | Routledge |
| Date of publication, distribution, etc. | 2006 |
| 300 ## - PHYSICAL DESCRIPTION | |
| Extent | eBook |
| 350 ## - PRICE (NR) (BK AM CF MU VM SE) [OBSOLETE] | |
| Price | 29.99 |
| 505 2# - FORMATTED CONTENTS NOTE | |
| Formatted contents note | The nature of planning -- The evolution of town and country planning -- The agencies of planning -- The framework of plans -- The control of development -- Land policies -- Planning, the environment and sustainable development -- Heritage planning -- Planning and the countryside -- Urban policies and regeneration -- Transport planning -- Planning, the profession and the public |
| 520 ## - SUMMARY, ETC. | |
| Summary, etc. | This eBook incorporates the major changes to planning introduced by the Planning and Compulsory Purchase Act 2004 and government's mission to change the culture of planning. It provides a critical discussion of the system of planning - the institutions involved, the plans and other instruments that are used, the procedures for controlling development and land use change, and the mechanisms for implementing policy and proposals. It reviews current policy for sustainable development, housing and the Sustainable Communities Plan, the Barker Review, urban renewal and regeneration, the renaissance of city and town centres, the countryside, transport, and the heritage. Contemporary arrangements are explained with reference to their historical development, the influence of the European Union, the Labour government and changing social and economic demands for land use change. |
| 520 ## - SUMMARY, ETC. | |
| Summary, etc. | Supersedes 13th edition (ISBN 041521775X). |
| 521 2# - TARGET AUDIENCE NOTE | |
| Target audience note | Advanced |
| 650 24 - SUBJECT ADDED ENTRY--TOPICAL TERM | |
| Topical term or geographic name entry element | PLANNING AND COMPULSORY PURCHASE ACT 2004 |
| 650 24 - SUBJECT ADDED ENTRY--TOPICAL TERM | |
| Topical term or geographic name entry element | EBOOK |
| 651 #4 - SUBJECT ADDED ENTRY--GEOGRAPHIC NAME | |
| Geographic name | United Kingdom |
| Chronological subdivision | |
| 690 ## - LOCAL SUBJECT ADDED ENTRY--TOPICAL TERM (OCLC, RLIN) | |
| Topical term or geographic name as entry element | ENVIRONMENTAL AND LAND CONSULTANCY-PLANNING AND DEVELOPMENT |
| 700 ## - ADDED ENTRY--PERSONAL NAME | |
| Personal name | Nadin, Vincent |
| 856 40 - ELECTRONIC LOCATION AND ACCESS | |
| Uniform Resource Identifier | <a href="https://www.vlebooks.com/">https://www.vlebooks.com/</a> |
| Public note | View on VLEbooks. Logins for members only from [email protected] |
| 942 ## - ADDED ENTRY ELEMENTS (KOHA) | |
| Suppress in OPAC | 0 |
| Withdrawn status | Lost status | Source of classification or shelving scheme | Damaged status | Not for loan | Home library | Current library | Shelving location | Date acquired | Total Checkouts | Full call number | Barcode | Date last seen | Copy number | Price effective from | Koha item type |
|---|---|---|---|---|---|---|---|---|---|---|---|---|---|---|---|
| Dewey Decimal Classification | Virtual | Virtual | Online | 30/09/2010 | EBOOK | 133782-4001 | 06/08/2019 | 1 | 06/08/2019 | Book |